Central Library OPAC University of Rajshahi

Party government / (Record no. 42499)

MARC details
000 -LEADER
fixed length control field 00960nam a2200289 a 4500
001 - CONTROL NUMBER
control field 42499
003 - CONTROL NUMBER IDENTIFIER
rucl marc code BD-RjUL
005 - DATE AND TIME OF LATEST TRANSACTION
control field 20211209053542.0
008 - FIXED-LENGTH DATA ELEMENTS--GENERAL INFORMATION
fixed length control field 160613s1942 nyua b 001 0 eng
035 ## - SYSTEM CONTROL NUMBER
System control number (BD-RjUL) 42617
System control number (BD-RjUL)
System control number (NNC)1635305
040 ## - CATALOGING SOURCE
Original cataloging agency DLC
Transcribing agency WSU
Modifying agency NRC
-- OCL
-- NNC
-- BD-RjUL
Language of cataloging eng
041 ## - LANGUAGE CODE
Language code of text/sound track or separate title eng
082 ## - DEWEY DECIMAL CLASSIFICATION NUMBER
Classification number 324.273
Edition number 23
Author mark and year SCP 1942
100 1# - MAIN ENTRY--PERSONAL NAME
Personal name Schattschneider, E. E.
Fuller form of name (Elmer Eric),
Dates associated with a name 1892-1971.
9 (RLIN) 130716
245 10 - TITLE STATEMENT
Title Party government /
Statement of responsibility, etc. E. E. Schattschneider.
260 ## - PUBLICATION, DISTRIBUTION, ETC. (IMPRINT)
Place of publication, distribution, etc. New York :
Name of publisher, distributor, etc. Holt, Rinehart and Winston,
Date of publication, distribution, etc. c1942
300 ## - PHYSICAL DESCRIPTION
Pagination xv, 219 p. :
Illustrations ill. ;
Size 20 cm.
490 1# - SERIES STATEMENT
Series statement American government in action series
500 ## - GENERAL NOTE
General note Includes index
504 ## - BIBLIOGRAPHY, ETC. NOTE
Bibliography, etc "Selected bibliography": p. 211-214.
650 #0 - SUBJECT ADDED ENTRY--TOPICAL TERM
Topical term or geographic name as entry element Political parties
Geographic subdivision United States.
9 (RLIN) 125434
651 #0 - SUBJECT ADDED ENTRY--GEOGRAPHIC NAME
Geographic name United States
General subdivision Politics and government.
9 (RLIN) 130717
830 #0 - SERIES ADDED ENTRY--UNIFORM TITLE
Uniform title American government in action series.
942 ## - ADDED ENTRY ELEMENTS (KOHA)
Source of classification or shelving scheme Dewey Decimal Classification
Koha item type Books
Holdings
Lost status Source of classification or shelving scheme Damaged status Not for loan Collection code Permanent Location Current Location Shelving location Date acquired Total Checkouts Full call number Date last seen Copy number Koha item type
  Dewey Decimal Classification     Non-fiction Central Library, University of Rajshahi Central Library, University of Rajshahi   13/06/2016   324.273 SCP 1942 13/06/2016 C-2 Books